| 000 | 00329nam a22001337a 4500 | ||
|---|---|---|---|
| 020 | _qPB. | ||
| 040 | _cFIZZA ISHAQ | ||
| 082 |
_a909 _bNAN |
||
| 100 |
_aELLENBERGER,NANCY. _9133829 |
||
| 245 |
_aWORLD HISTORY / _cNANCY ELLENBERGER. |
||
| 260 |
_aNEW YORK ; _bPEARSON , _c2013. |
||
| 300 |
_a365 P. ; _c11X8.6IN |
||
| 942 |
_2ddc _cBK |
||
| 999 |
_c616803 _d616803 |
||